| 000 | 00609nam a2200193 a 4500 | ||
|---|---|---|---|
| 005 | 20260206064024.0 | ||
| 008 | 991125s1951 mx 000 0 spa u | ||
| 020 | _a9684030894 | ||
| 035 | _aUPN01000001359 | ||
| 049 | _aCG | ||
| 050 | 4 |
_aGV1446 _bX5.2 |
|
| 100 | 1 | _aXirau Palav, Juan | |
| 245 | 1 | 3 |
_aEl ajedrez en siete lecciones : _bun método fácil para iniciarse rápidamente en este juego / _cpor Juan Xirau Palav. |
| 260 |
_aMéxico : _bCompañía General de Ediciones, _c1951. |
||
| 300 | _a203 p. | ||
| 440 | 0 | _aMéxico de bolsillo | |
| 650 | 4 |
_aAjedrez _xEstudio y enseñanza _91977 |
|
| 905 | _aLibro | ||
| 999 |
_c1359 _d1359 |
||